<?xml version="1.0" encoding="UTF-8"?><?xml-stylesheet type="text/xsl" href="static/style.xsl"?><OAI-PMH xmlns="http://www.openarchives.org/OAI/2.0/" xmlns:xsi="http://www.w3.org/2001/XMLSchema-instance" xsi:schemaLocation="http://www.openarchives.org/OAI/2.0/ http://www.openarchives.org/OAI/2.0/OAI-PMH.xsd"><responseDate>2026-04-28T21:35:06Z</responseDate><request verb="GetRecord" identifier="oai:repisalud.isciii.es:20.500.12105/10076" metadataPrefix="marc">https://repisalud.isciii.es/rest/oai/request</request><GetRecord><record><header><identifier>oai:repisalud.isciii.es:20.500.12105/10076</identifier><datestamp>2024-05-21T11:02:17Z</datestamp><setSpec>com_20.500.12105_2203</setSpec><setSpec>com_20.500.12105_2202</setSpec><setSpec>col_20.500.12105_19505</setSpec><setSpec>col_20.500.12105_19585</setSpec></header><metadata><record xmlns="http://www.loc.gov/MARC21/slim" xmlns:dcterms="http://purl.org/dc/terms/" xmlns:doc="http://www.lyncode.com/xoai" xmlns:xsi="http://www.w3.org/2001/XMLSchema-instance" xsi:schemaLocation="http://www.loc.gov/MARC21/slim http://www.loc.gov/standards/marcxml/schema/MARC21slim.xsd">
   <leader>00925njm 22002777a 4500</leader>
   <datafield ind2=" " ind1=" " tag="042">
      <subfield code="a">dc</subfield>
   </datafield>
   <datafield ind2=" " ind1=" " tag="720">
      <subfield code="a">Instituto de Salud Carlos III. Centro Nacional de Epidemiología</subfield>
      <subfield code="e">author</subfield>
   </datafield>
   <datafield ind2=" " ind1=" " tag="260">
      <subfield code="c">2007-03-03</subfield>
   </datafield>
   <datafield ind2=" " ind1=" " tag="520">
      <subfield code="a">Resultados de Laboratorio: En la semana 09/2007 se registra un descenso considerable en el número total de aislamientos notificados por los laboratorios del sistema. La tasa de aislamiento viral sigue disminuyendo con respecto a la semana anterior. Se han identificado 35  aislamientos de virus de la gripe (21 A no subtipado, 12 AH3N2, 1 AH1N1 y 1 B) que se distribuyen:  Andalucía (4 A, 1 AH3N2 y 1 AH1N1); Aragón (2 A); Asturias (5 A y 1 B); Cantabria (2 A); Castilla y León (1 A); Cataluña (1 A); Comunidad Valenciana (5 AH3N2); Murcia (4 A); Navarra (1 A);  País Vasco (5 AH3N2) y La Rioja (2 A). Desde el principio de la temporada, hasta la presente semana de vigilancia, se ha registrado un total de 1320 aislamientos de virus de la gripe: 608 (46,1%) corresponden a virus de la gripe A no subtipado, 655 (51%) a virus AH3N2, 16 (1,2%) a virus AH1N1 y 21 (1,6%) a virus de la gripe B, siendo el virus de la gripe AH3N2 el que muestra una circulación mayoritaria.</subfield>
   </datafield>
   <datafield ind1="8" ind2=" " tag="024">
      <subfield code="a">http://hdl.handle.net/20.500.12105/10076</subfield>
   </datafield>
   <datafield tag="653" ind2=" " ind1=" ">
      <subfield code="a">Gripe</subfield>
   </datafield>
   <datafield tag="653" ind2=" " ind1=" ">
      <subfield code="a">Vigilancia epidemiológica</subfield>
   </datafield>
   <datafield ind2="0" ind1="0" tag="245">
      <subfield code="a">Vigilancia de la gripe en España Semana 9/2007 (25 de febrero al 3 de marzo de 2007)</subfield>
   </datafield>
</record></metadata></record></GetRecord></OAI-PMH>